00534nam a2200169Ia 4500003000900000008004100009020001800050040001600068080001700084100001900101245011700120260004800237300001400285650001900299650002500318700002100343IN-BaIIA211028s9999 xx 000 0 eng d a0-521-23385-2 cIIA Library a524.834bBIR aBirrell, N. D. 0aQuantum fields in curved spacecN. D. Birrell and P. C. W. Davies  aCambridgebCambridge University Pressc1982 aix, 340p. aNASA thesaurus aQuantum field theory aDavies, P. C. W.